| 000 | 01365cam a22003017a 4500 | ||
|---|---|---|---|
| 999 |
_c330243 _d330243 |
||
| 001 | 16024788 | ||
| 003 | NUST | ||
| 005 | 20170615110454.0 | ||
| 008 | 091216s2009 maua b 001 0 eng d | ||
| 010 | _a 2009282198 | ||
| 020 | _a9780073402376 | ||
| 035 | _a(OCoLC)ocn246903316 | ||
| 040 |
_aBTCTA _cBTCTA _dUPM _dYDXCP _dDLC |
||
| 042 | _alccopycat | ||
| 050 | 0 | 0 |
_aQR63 _b.C47 2009 |
| 082 | 0 | 0 |
_a579 CHE _222 |
| 100 | 1 |
_aChess, Barry. _92680 |
|
| 245 | 1 | 0 |
_aLaboratory applications in microbiology : _ba case study approach / _cBarry Chess |
| 260 |
_aBoston, Mass. : _bMcGraw-Hill Higher Education, _cc2009. |
||
| 300 |
_aix, 610 p. : _bcol. ill. ; _c28 cm. |
||
| 500 | _aP.B | ||
| 504 | _aIncludes bibliographical references and index. | ||
| 650 | 0 |
_aMicrobiology _vLaboratory manuals. _92681 |
|
| 650 | 0 |
_aMicrobiology _vCase studies. _92682 |
|
| 856 | 4 | 1 |
_3Table of contents only _uhttp://www.loc.gov/catdir/enhancements/fy1009/2009282198-t.html |
| 856 | 4 | 2 |
_3Publisher description _uhttp://www.loc.gov/catdir/enhancements/fy1009/2009282198-d.html |
| 906 |
_a7 _bcbc _ccopycat _d2 _encip _f20 _gy-gencatlg |
||
| 942 |
_2ddc _cBK _kIESE |
||